[Event "New Zealand Open Ch'p 2015"]
[Site "Devonport, Auckland"]
[Date "2015.01.04"]
[Round "4.14"]
[White "Stojic, Dusan"]
[Black "Nicholls, Leighton"]
[Result "1-0"]
[WhiteElo "2123"]
[BlackElo "1757"]
[PlyCount "155"]
[EventDate "2015.01.01"]
[EventType "swiss"]
[EventRounds "9"]
[SourceDate "2015.01.01"]

1. Nf3 d5 2. g3 Nf6 3. Bg2 g6 4. b3 Bg7 5. Bb2 O-O 6. c4 e6 7. O-O b6 8. d3 Bb7
9. Nbd2 c5 10. Rc1 Nc6 11. cxd5 exd5 12. d4 cxd4 13. Nxd4 Nxd4 14. Bxd4 Qe7 15.
e3 Rac8 16. Bh3 Nd7 17. Bxg7 Kxg7 18. Nf3 f5 19. Qd2 Nf6 20. Rxc8 Rxc8 21. Rc1
Rxc1+ 22. Qxc1 Ne4 23. Nd4 Kf7 24. f3 Qc5 25. Qxc5 Nxc5 26. Bf1 Ke7 27. Kf2 Ne6
28. Nc2 Kd6 29. Be2 Ke5 30. h3 h5 31. b4 a5 32. a3 axb4 33. axb4 Bc6 34. f4+
Kd6 35. Bd3 Ba4 36. Ne1 Bd1 37. Ng2 Ke7 38. Ke1 Bb3 39. Nh4 Kf6 40. Nf3 Ba4 41.
Kd2 Be8 42. Kc3 Ke7 43. Ba6 Kd6 44. Ne5 Nd8 45. Be2 Ne6 46. Nf3 Ke7 47. Ne1 Kd6
48. Nc2 Bd7 49. Na3 Nc7 50. Bf1 Be8 51. Bd3 Bd7 52. Bf1 Be8 53. Nc2 Ne6 54. Ba6
Bd7 55. Kd2 Nc7 56. Be2 Ne6 57. Bd3 Ke7 58. Ne1 Be8 59. Nf3 Kf6 60. Ba6 Ke7 61.
Bc8 Nd8 62. Ne5 Nc6 63. Kc3 Kd6 64. Nf3 Ne7 65. Ba6 Ng8 66. Kd4 Nf6 67. Ng5 Ne4
68. Nxe4+ fxe4 69. Bc8 Bf7 70. g4 hxg4 71. hxg4 Be8 72. g5 Ba4 73. f5 Be8 74.
Be6 gxf5 75. Bxf5 Bf7 76. Bh7 Ke7 77. g6 Be6 78. g7 1-0

[Event "New Zealand Open Ch'p 2015"]
[Site "Devonport, Auckland"]
[Date "2015.01.04"]
[Round "4.15"]
[White "Zulfic, Fedja"]
[Black "Lyall, Simon"]
[Result "1-0"]
[WhiteElo "2114"]
[BlackElo "1786"]
[PlyCount "63"]
[EventDate "2015.01.01"]
[EventType "swiss"]
[EventRounds "9"]
[SourceDate "2015.01.01"]

1. d4 d5 2. c4 c6 3. cxd5 cxd5 4. Nc3 Nf6 5. Bf4 Qb6 6. e3 Qxb2 7. Bb5+ Bd7 8.
Bxd7+ Nbxd7 9. Nge2 Qa3 10. O-O a6 11. Rb1 b6 12. Bc7 Qa5 13. Qb3 e6 14. Na4
Ne4 15. Nxb6 Nxb6 16. Bxb6 Qa3 17. Qc2 Qd6 18. f3 Nf6 19. e4 dxe4 20. fxe4 Qd7
21. d5 e5 22. Ng3 Be7 23. Nf5 Nh5 24. Nxe7 Kxe7 25. Qc5+ Ke8 26. Rf5 f6 27.
Rxh5 Rc8 28. Qf2 Qa4 29. Qf5 Qc2 30. Qe6+ Kf8 31. Rf1 Rc7 32. Rxe5 1-0

[Event "New Zealand Open Ch'p 2015"]
[Site "Devonport, Auckland"]
[Date "2015.01.04"]
[Round "4.16"]
[White "Dowden, R Anthony"]
[Black "Zhang, Leo"]
[Result "1-0"]
[WhiteElo "2108"]
[BlackElo "1908"]
[PlyCount "115"]
[EventDate "2015.01.01"]
[EventType "swiss"]
[EventRounds "9"]
[SourceDate "2015.01.01"]

1. Nf3 Nf6 2. c4 g6 3. g3 Bg7 4. Bg2 O-O 5. Nc3 c5 6. O-O d6 7. a3 Nc6 8. Rb1
Bf5 9. d3 Qd7 10. b4 Rac8 11. b5 Nd4 12. Ng5 h6 13. e3 hxg5 14. exd4 cxd4 15.
Ne2 d5 16. Nxd4 dxc4 17. Nxf5 Qxf5 18. Bxb7 Rcd8 19. Be3 Rxd3 20. Qa4 Rxe3 21.
fxe3 Qc5 22. Qb4 Qxe3+ 23. Kh1 c3 24. Rbe1 Qb6 25. Bc6 a6 26. a4 axb5 27. axb5
Rc8 28. Qxc3 Qxb5 29. Bxb5 Rxc3 30. Rxe7 Rc8 31. Rfe1 Bf8 32. Rb7 Kg7 33. Ba4
Nd5 34. Bb3 Nc7 35. Rf1 Bd6 36. Rxf7+ Kh6 37. g4 Bf4 38. h3 Bd6 39. Kg2 Bf4 40.
Rd7 Be5 41. Rf7 Bf4 42. Rd7 Be5 43. Bc4 Bf4 44. Ra7 Be5 45. Rf7 Bd6 46. Ba6 Re8
47. Kf3 Rh8 48. Raxc7 Bxc7 49. Rxc7 Re8 50. Rc6 Re7 51. Bd3 Rg7 52. Ke4 Re7+
53. Kd4 Rg7 54. Rd6 Rg8 55. Bc4 Rf8 56. Bd3 Rf3 57. Rxg6+ Kh7 58. Rf6+ 1-0

[Event "New Zealand Open Ch'p 2015"]
[Site "Devonport, Auckland"]
[Date "2015.01.04"]
[Round "4.17"]
[White "Timergazi, Layla"]
[Black "Vincenti, David"]
[Result "1-0"]
[WhiteElo "1932"]
[BlackElo "2106"]
[PlyCount "79"]
[EventDate "2015.01.01"]
[EventType "swiss"]
[EventRounds "9"]
[SourceDate "2015.01.01"]

1. d4 f5 2. g3 e6 3. Bg2 Nf6 4. c4 c6 5. Nf3 d5 6. b3 Bb4+ 7. Bd2 Bd6 8. Nc3
O-O 9. O-O Ne4 10. Qc2 Nxd2 11. Nxd2 Nd7 12. a3 Nf6 13. b4 Ne4 14. Ndxe4 fxe4
15. c5 Bc7 16. f3 exf3 17. Rxf3 Rxf3 18. Bxf3 e5 19. Qd2 exd4 20. Qxd4 Qg5 21.
e4 Be5 22. Qd3 Qf6 23. Rc1 Bh3 24. exd5 Rf8 25. dxc6 bxc6 26. Kf2 Rd8 27. Qc4+
Be6 28. Qe2 Bxc3 29. Rxc3 Qxc3 30. Qxe6+ Kh8 31. Qe7 Rd2+ 32. Be2 Qf6+ 33. Qxf6
gxf6 34. Ke3 Ra2 35. b5 Rxa3+ 36. Kd4 cxb5 37. Bxb5 Ra2 38. c6 Rd2+ 39. Bd3 Rd1
40. c7 1-0

[Event "New Zealand Open Ch'p 2015"]
[Site "Devonport, Auckland"]
[Date "2015.01.04"]
[Round "4.18"]
[White "Jule, Alexandra"]
[Black "Lee, Edward"]
[Result "1-0"]
[WhiteElo "1939"]
[BlackElo "2061"]
[PlyCount "153"]
[EventDate "2015.01.01"]
[EventType "swiss"]
[EventRounds "9"]
[SourceDate "2015.01.01"]

1. d4 Nf6 2. Nf3 c6 3. Bf4 d5 4. c4 e6 5. e3 Be7 6. h3 Ne4 7. Bd3 f5 8. O-O O-O
9. Nc3 Nd7 10. Qc2 Qe8 11. Ne1 Qh5 12. Be2 Qg6 13. Nxe4 fxe4 14. f3 Nf6 15.
fxe4 dxe4 16. Be5 Bd7 17. Rf4 Kh8 18. Qb3 b6 19. Nc2 c5 20. Raf1 Bc6 21. Qc3
Rad8 22. b4 cxb4 23. Nxb4 Bb7 24. a4 Qe8 25. Ra1 a5 26. Nc2 Rc8 27. Qb3 Nd7 28.
Rxf8+ Bxf8 29. Bh2 h6 30. Na3 Bb4 31. Nc2 Be7 32. Rc1 Bf6 33. Na3 Bc6 34. Nb5
Bxb5 35. Qxb5 Bg5 36. Bf4 Bf6 37. Bg4 Qe7 38. Rd1 g5 39. Bg3 Qe8 40. Rf1 Kg7
41. Bd6 Kg6 42. Qb1 Rxc4 43. Qxe4+ Kg7 44. Qxe6 Qxe6 45. Bxe6 Rc6 46. Bxd7 Rxd6
47. Bb5 Re6 48. Kf2 h5 49. d5 Rd6 50. Bc6 Bc3 51. Ke2 Rf6 52. Rd1 Bb4 53. g4 h4
54. Rd4 Bc5 55. Re4 Rf7 56. Re5 Re7 57. Rxg5+ Kh6 58. Rh5+ Kg7 59. Rxh4 Rxe3+
60. Kd2 Re4 61. Kd3 Re3+ 62. Kc4 Re4+ 63. Kb5 Re5 64. Rh5 Rxh5 65. gxh5 Kf7 66.
Bd7 Ke7 67. Kc6 Kd8 68. Bf5 Ke7 69. h6 Bd4 70. Kc7 Be5+ 71. Kxb6 Kd6 72. Be6
Bc3 73. h7 Ke7 74. h8=Q Bxh8 75. Kxa5 Kd6 76. Kb6 Bd4+ 77. Kb7 1-0

[Event "New Zealand Open Ch'p 2015"]
[Site "Devonport, Auckland"]
[Date "2015.01.04"]
[Round "4.19"]
[White "Duneas, John"]
[Black "Carpinter, Bernard A"]
[Result "0-1"]
[WhiteElo "2054"]
[BlackElo "1873"]
[PlyCount "84"]
[EventDate "2015.01.01"]
[EventType "swiss"]
[EventRounds "9"]
[SourceDate "2015.01.01"]

1. d4 Nf6 2. c4 e6 3. Nf3 d5 4. Nc3 Bb4 5. a3 Bxc3+ 6. bxc3 dxc4 7. Qa4+ Nbd7
8. Qxc4 b6 9. Bf4 c5 10. Ne5 Bb7 11. f3 Nd5 12. Bd2 Nxe5 13. dxe5 O-O 14. e4
Nc7 15. Qa4 Qe8 16. Qc2 Ba6 17. c4 Rd8 18. Be2 Qc6 19. a4 Bb7 20. Rb1 Na6 21.
O-O Nb4 22. Rxb4 cxb4 23. Bxb4 Rfe8 24. c5 a6 25. Rc1 Rd4 26. Qb2 Red8 27. Bc3
Rxa4 28. cxb6 Qc5+ 29. Kf1 Qa3 30. Qxa3 Rxa3 31. Bb4 Rb3 32. Bd6 Rxb6 33. Rc5
Rc8 34. Ra5 Rc1+ 35. Kf2 Rc2 36. Ra3 Rbb2 37. Re3 Bc6 38. Kf1 Rb1+ 39. Kf2 Rbb2
40. Ke1 Bb5 41. Bd1 Rxg2 42. Rc3 Rg1# 0-1

[Event "New Zealand Open Ch'p 2015"]
[Site "Devonport, Auckland"]
[Date "2015.01.04"]
[Round "4.21"]
[White "Ang, Alphaeus Wei Ern"]
[Black "Milligan, Helen"]
[Result "1/2-1/2"]
[WhiteElo "2009"]
[BlackElo "1968"]
[PlyCount "101"]
[EventDate "2015.01.01"]
[EventType "swiss"]
[EventRounds "9"]
[SourceDate "2015.01.01"]

1. d4 Nf6 2. c4 g6 3. Nc3 Bg7 4. e4 d6 5. Nf3 O-O 6. Be2 Nbd7 7. O-O e5 8. Be3
c6 9. dxe5 Nxe5 10. c5 Nxf3+ 11. Bxf3 dxc5 12. Bxc5 Qxd1 13. Rfxd1 Re8 14. Rd2
Nd7 15. Be3 Ne5 16. Be2 Be6 17. f4 Nc4 18. Bxc4 Bxc4 19. Bd4 Be6 20. Bxg7 Kxg7
21. h3 h5 22. Rad1 Kf8 23. b3 Ke7 24. e5 Bf5 25. Rd6 Red8 26. Na4 b6 27. Nc3
Rxd6 28. Rxd6 Rc8 29. Kf2 Rc7 30. a3 Be6 31. b4 c5 32. b5 Bc4 33. a4 Bb3 34. g4
hxg4 35. hxg4 Rd7 36. Rc6 Kd8 37. Ke3 Bc2 38. Ne4 Bxe4 39. Kxe4 Rd4+ 40. Ke3
Rxa4 41. e6 Ke7 42. exf7 Kxf7 43. Rc7+ Kf6 44. Rc6+ Kg7 45. g5 Rd4 46. Rc7+ Kf8
47. Rxa7 Rb4 48. Ra8+ Kf7 49. Ra7+ Kf8 50. Ra8+ Kf7 51. Ra7+ 1/2-1/2

[Event "New Zealand Open Ch'p 2015"]
[Site "Devonport, Auckland"]
[Date "2015.01.04"]
[Round "4.22"]
[White "Zhu, Karl Kai"]
[Black "Macdonald, Paul"]
[Result "1-0"]
[WhiteElo "1689"]
[BlackElo "1983"]
[PlyCount "115"]
[EventDate "2015.01.01"]
[EventType "swiss"]
[EventRounds "9"]
[SourceDate "2015.01.01"]

1. e4 d6 2. d4 Nf6 3. Nc3 g6 4. Bc4 Bg7 5. f3 c6 6. Bb3 b5 7. e5 dxe5 8. dxe5
Qxd1+ 9. Kxd1 Ng8 10. Nxb5 Na6 11. e6 f5 12. Na3 Nc5 13. Bc4 Bxe6 14. Bxe6 Nxe6
15. c3 Nf6 16. Ne2 Nd5 17. Kc2 O-O 18. f4 Nc5 19. Nc4 Ne4 20. Ne5 Bxe5 21. fxe5
Nf2 22. Re1 f4 23. c4 Nb4+ 24. Kc3 Nbd3 25. Rf1 f3 26. gxf3 Rxf3 27. Kc2 Nb4+
28. Kb1 Nbd3 29. Nd4 Rh3 30. Bf4 c5 31. Ne6 Rf3 32. Bg3 Rb8 33. b3 a5 34. Nxc5
Nxc5 35. Rxf2 Re3 36. Kc2 Ne4 37. Rg2 Rc3+ 38. Kb2 Rd3 39. Rc1 a4 40. e6 Rb7
41. c5 Nxg3 42. hxg3 axb3 43. c6 Rc7 44. axb3 Re3 45. Rgc2 Re4 46. Rc4 Rxe6 47.
b4 Re5 48. Kb3 Rb5 49. Rc5 Rb6 50. Ka4 Ra7+ 51. Ra5 Rc7 52. b5 Kf7 53. Ra6
Rxa6+ 54. bxa6 Ke6 55. Kb5 Kd6 56. Kb6 Rc8 57. Rd1+ Ke5 58. c7 1-0

[Event "New Zealand Open Ch'p 2015"]
[Site "Devonport, Auckland"]
[Date "2015.01.04"]
[Round "4.23"]
[White "James, Jack"]
[Black "Zhu, Leo Lei"]
[Result "0-1"]
[WhiteElo "1867"]
[BlackElo "1978"]
[PlyCount "50"]
[EventDate "2015.01.01"]
[EventType "swiss"]
[EventRounds "9"]
[SourceDate "2015.01.01"]

1. e4 c5 2. Nc3 Nc6 3. f4 d6 4. Nf3 g6 5. Bc4 Bg7 6. d3 e6 7. O-O Nge7 8. Qe1
O-O 9. f5 exf5 10. Qh4 a6 11. Bh6 b5 12. Bb3 c4 13. dxc4 bxc4 14. Ng5 cxb3 15.
Bxg7 Kxg7 16. Qxh7+ Kf6 17. exf5 Nxf5 18. Nxf7 Rxf7 19. Nd5+ Ke6 20. Nf4+ Kd7
21. Qxf7+ Qe7 22. Qxg6 Qe3+ 23. Kh1 Nce7 24. Qf7 Bb7 25. Qxb3 Ng3+ 0-1

[Event "New Zealand Open Ch'p 2015"]
[Site "Devonport, Auckland"]
[Date "2015.01.04"]
[Round "4.24"]
[White "Rains, Edward"]
[Black "Jackson, L Ross"]
[Result "1-0"]
[WhiteElo "1973"]
[BlackElo "1927"]
[PlyCount "31"]
[EventDate "2015.01.01"]
[EventType "swiss"]
[EventRounds "9"]
[SourceDate "2015.01.01"]

1. e4 g6 2. Nc3 Bg7 3. f4 d6 4. Nf3 e5 5. fxe5 dxe5 6. Bc4 Be6 7. Bxe6 fxe6 8.
d3 h6 9. Be3 Nc6 10. O-O Nd4 11. Nxd4 exd4 12. Qg4 Ne7 13. Qxe6 Rh7 14. Nd5 Qd6
15. Qf7+ Kd7 16. Bf4 1-0

[Event "New Zealand Open Ch'p 2015"]
[Site "Devonport, Auckland"]
[Date "2015.01.04"]
[Round "4.25"]
[White "Lauterbach, Ingrid"]
[Black "Mukkattu, Philip"]
[Result "1-0"]
[WhiteElo "2089"]
[BlackElo "1743"]
[PlyCount "61"]
[EventDate "2015.01.01"]
[EventType "swiss"]
[EventRounds "9"]
[SourceDate "2015.01.01"]

1. Nf3 d5 2. g3 Nf6 3. Bg2 c6 4. d3 Nbd7 5. Nbd2 Qc7 6. O-O e5 7. e4 dxe4 8.
dxe4 Nc5 9. Re1 Bg4 10. h3 Bh5 11. b4 Na4 12. c4 b5 13. a3 Rd8 14. Qc2 a6 15.
c5 a5 16. g4 Bg6 17. Nh4 Nd7 18. Nf5 Nb8 19. Nc4 bxc4 20. Qxa4 f6 21. Bf1 axb4
22. axb4 Qd7 23. Be3 Qe6 24. Rad1 Rxd1 25. Rxd1 h5 26. b5 Bxf5 27. gxf5 Qc8 28.
Bxc4 Be7 29. Be6 Qb7 30. b6 Kf8 31. Qa7 1-0

[Event "New Zealand Open Ch'p 2015"]
[Site "Devonport, Auckland"]
[Date "2015.01.04"]
[Round "4.26"]
[White "Lamerton, Troy"]
[Black "Morrell, Gordon"]
[Result "0-1"]
[WhiteElo "1731"]
[BlackElo "2147"]
[PlyCount "56"]
[EventDate "2015.01.01"]
[EventType "swiss"]
[EventRounds "9"]
[SourceDate "2015.01.01"]

1. d4 e6 2. Nf3 f5 3. c4 Nf6 4. Bf4 b6 5. e3 Bb7 6. a3 Be7 7. Be2 O-O 8. O-O
Ne4 9. Nbd2 g5 10. Bg3 f4 11. exf4 gxf4 12. Bd3 d5 13. Qc2 Nxd2 14. Qxd2 dxc4
15. Bxc4 Bxf3 16. Bxf4 Bd5 17. Bd3 Bf6 18. Rac1 Rf7 19. Bc4 Nc6 20. Bxd5 Qxd5
21. Rfe1 Nxd4 22. Qe3 Rg7 23. Bg3 c5 24. Qf4 Bg5 25. Qe5 Qxe5 26. Bxe5 Bxc1 27.
Bxd4 cxd4 28. Rxc1 Rd8 0-1

[Event "New Zealand Open Ch'p 2015"]
[Site "Devonport, Auckland"]
[Date "2015.01.04"]
[Round "4.27"]
[White "Schmitz, Andreas Arnold"]
[Black "Wei, Louie"]
[Result "1-0"]
[WhiteElo "2066"]
[BlackElo "1423"]
[PlyCount "47"]
[EventDate "2015.01.01"]
[EventType "swiss"]
[EventRounds "9"]
[SourceDate "2015.01.01"]

1. e4 Nf6 2. Nc3 d5 3. exd5 Nxd5 4. Bc4 Nxc3 5. Qf3 e6 6. dxc3 Qh4 7. Bf4 Bd7
8. g3 Qe7 9. Qxb7 Bc6 10. Bb5 Qc5 11. Qc8+ Ke7 12. Bxc7 Nd7 13. Bd8+ Ke8 14.
Qxc6 Qxc6 15. Bxc6 Rxd8 16. O-O-O Bc5 17. Nf3 Ke7 18. Rxd7+ Rxd7 19. Bxd7 Kxd7
20. Ne5+ Ke7 21. Rd1 Rf8 22. b4 Bxf2 23. Nc6+ Kf6 24. Rf1 1-0

[Event "New Zealand Open Ch'p 2015"]
[Site "Devonport, Auckland"]
[Date "2015.01.04"]
[Round "4.28"]
[White "Lim, Benjamin U"]
[Black "Rossiter, Philip E"]
[Result "1-0"]
[WhiteElo "1996"]
[BlackElo "1775"]
[PlyCount "123"]
[EventDate "2015.01.01"]
[EventType "swiss"]
[EventRounds "9"]
[SourceDate "2015.01.01"]

1. b3 c5 2. c4 Nc6 3. Bb2 e6 4. g3 Nf6 5. Nf3 d6 6. Bg2 Qc7 7. Nc3 a6 8. O-O
Bd7 9. d4 cxd4 10. Nxd4 Nxd4 11. Qxd4 Rb8 12. Rac1 Be7 13. Rfd1 O-O 14. Ba3
Rfc8 15. Bxd6 Bxd6 16. Qxd6 Qxd6 17. Rxd6 b5 18. c5 Rxc5 19. b4 Rc4 20. a3 Rbc8
21. Rd3 g6 22. Kf1 Bc6 23. f3 Be8 24. Ke1 Nd5 25. Kd2 Kg7 26. f4 Nb6 27. Bb7
R8c7 28. Bxa6 Na4 29. Na2 Rxc1 30. Nxc1 Nb2 31. Rc3 Nc4+ 32. Kc2 Nxa3+ 33. Kb3
Nc4 34. Nd3 Ra7 35. Nc5 Bc6 36. Kc2 Ra8 37. Rd3 Kf6 38. Kc3 Kg7 39. Kc2 Bd5 40.
Kc3 Nb6 41. Bxb5 Ra3+ 42. Kd4 Ra2 43. e4 Ba8 44. h3 Kf8 45. Nd7+ Nxd7 46. Bxd7
Ke7 47. Bb5 Rc2 48. Ke3 Rc7 49. Ra3 Bb7 50. Kd4 f5 51. exf5 gxf5 52. Rc3 Rxc3
53. Kxc3 Kd6 54. Kd4 Bg2 55. h4 Bf3 56. Be8 Bd5 57. Bb5 Bf3 58. Ba6 Bg2 59. Bc4
Bb7 60. b5 Be4 61. b6 Bb7 62. Be2 1-0

[Event "New Zealand Open Ch'p 2015"]
[Site "Devonport, Auckland"]
[Date "2015.01.04"]
[Round "4.29"]
[White "Louie, Ryan"]
[Black "Hair, Philip I"]
[Result "0-1"]
[WhiteElo "1927"]
[BlackElo "1941"]
[PlyCount "64"]
[EventDate "2015.01.01"]
[EventType "swiss"]
[EventRounds "9"]
[SourceDate "2015.01.01"]

1. e4 e6 2. d4 d5 3. Nd2 dxe4 4. Nxe4 Bd7 5. Nf3 Bc6 6. Bd3 Nd7 7. O-O Ngf6 8.
Re1 Be7 9. Ng3 Bxf3 10. Qxf3 c6 11. c4 O-O 12. Bf4 Re8 13. Rad1 Qb6 14. b3 a5
15. a4 Bf8 16. Be5 Rad8 17. Re3 c5 18. Nh5 Nxh5 19. Bxh7+ Kxh7 20. Qxh5+ Kg8
21. Rh3 f6 22. Qh7+ Kf7 23. Bf4 cxd4 24. Rg3 e5 25. Bh6 Ke6 26. Bxg7 Kd6 27. f4
Kc7 28. fxe5 Bxg7 29. e6 Rxe6 30. Qxg7 Kc8 31. h4 Ne5 32. h5 d3+ 0-1

[Event "New Zealand Open Ch'p 2015"]
[Site "Devonport, Auckland"]
[Date "2015.01.04"]
[Round "4.30"]
[White "Smith, Vivian J"]
[Black "Li, William Xiang Wei"]
[Result "0-1"]
[WhiteElo "1762"]
[BlackElo "1935"]
[PlyCount "52"]
[EventDate "2015.01.01"]
[EventType "swiss"]
[EventRounds "9"]
[SourceDate "2015.01.01"]

1. e4 c5 2. Nc3 a6 3. f4 b5 4. Nf3 Bb7 5. d3 e6 6. Qe2 b4 7. Nd1 Be7 8. g3 d5
9. Bg2 Nf6 10. e5 Nfd7 11. O-O Nc6 12. f5 Nf8 13. Ne3 Qd7 14. g4 h5 15. h3 hxg4
16. hxg4 Rc8 17. fxe6 Nxe6 18. Nf5 g6 19. Nxe7 Qxe7 20. Be3 Kd7 21. Qd2 Rcf8
22. Rae1 Kc8 23. Bg5 Qd7 24. Bf6 Rh7 25. Ng5 Nxg5 26. Qxg5 Nd4 {(time)} 0-1

[Event "New Zealand Open Ch'p 2015"]
[Site "Devonport, Auckland"]
[Date "2015.01.04"]
[Round "4.31"]
[White "Rains, Timothy"]
[Black "Watharow, Sean"]
[Result "1-0"]
[WhiteElo "1814"]
[BlackElo "1876"]
[PlyCount "115"]
[EventDate "2015.01.01"]
[EventType "swiss"]
[EventRounds "9"]
[SourceDate "2015.01.01"]

1. d4 Nf6 2. c4 c5 3. d5 b5 4. cxb5 a6 5. b6 Qxb6 6. Nc3 d6 7. e4 Nbd7 8. Nf3
g6 9. Be2 Bg7 10. O-O O-O 11. Nd2 Ne8 12. Nc4 Qc7 13. Bg5 Ne5 14. f4 Nxc4 15.
Bxc4 Rb8 16. Qd2 Rb4 17. b3 h6 18. Bh4 Nf6 19. Rae1 Nh5 20. h3 Bd4+ 21. Kh1
Nxf4 22. Rxf4 g5 23. Rf3 gxh4 24. Qxh6 Bg7 25. Qxh4 f6 26. Rg3 f5 27. exf5 Rf7
28. Qg5 Bxf5 29. Rf1 Qd7 30. Bd3 e6 31. Bc4 Rb8 32. Re3 Kh7 33. Qh5+ Kg8 34.
dxe6 Bxe6 35. Bxe6 Qxe6 36. Rxe6 Rxf1+ 37. Kh2 Bxc3 38. Rg6+ Bg7 39. Qd5+ Kh7
40. Qxd6 Re8 41. Rg5 Rf6 42. Qxc5 Rfe6 43. Rh5+ Kg8 44. Qc4 Kf8 45. Rf5+ Kg8
46. h4 Kh7 47. Rh5+ Bh6 48. Qd3+ Kg7 49. Rf5 R8e7 50. h5 Kh8 51. a4 Bg7 52. g3
Re3 53. Qc4 R7e6 54. Qc5 Kh7 55. b4 Ra3 56. Qc4 Ree3 57. Rg5 Rf3 58. Qc7 1-0

[Event "New Zealand Open Ch'p 2015"]
[Site "Devonport, Auckland"]
[Date "2015.01.04"]
[Round "4.32"]
[White "Louie, Jared"]
[Black "Cooper, Nigel M"]
[Result "1-0"]
[WhiteElo "1783"]
[BlackElo "1714"]
[PlyCount "111"]
[EventDate "2015.01.01"]
[EventType "swiss"]
[EventRounds "9"]
[SourceDate "2015.01.01"]

1. d4 g6 2. c4 Bg7 3. Nc3 c5 4. d5 Bxc3+ 5. bxc3 f5 6. Nf3 d6 7. Rb1 Nf6 8. Bh6
Nbd7 9. h3 Qa5 10. Qb3 Ne4 11. Rc1 Qc7 12. e3 b6 13. Bd3 Ndf6 14. Bxe4 Nxe4 15.
Ng5 Nxg5 16. Bxg5 e5 17. Bh6 Bd7 18. a4 Kf7 19. h4 Rhg8 20. Qd1 Qc8 21. Ra1 Qd8
22. Qf3 Qe8 23. e4 Qe7 24. Bg5 Qf8 25. exf5 gxf5 26. Qh5+ Rg6 27. Qxh7+ Qg7 28.
Qxg7+ Kxg7 29. g3 Re8 30. Kd2 Kf7 31. f4 e4 32. Ke3 Rb8 33. Rhb1 Rgg8 34. h5
Kg7 35. Be7 Kh6 36. Rg1 Kxh5 37. Bxd6 Rb7 38. Be5 Kg6 39. Rh1 Kf7 40. Rh7+ Ke8
41. Kf2 a5 42. Rah1 Bc8 43. Rxb7 Bxb7 44. Rh6 Bc8 45. Rxb6 Bd7 46. Ra6 Bxa4 47.
Rxa5 Bd1 48. Ra8+ Kf7 49. Rxg8 Kxg8 50. Bd6 Bb3 51. Bxc5 Bxc4 52. d6 Be6 53.
Ke3 Kf7 54. g4 fxg4 55. Kxe4 Kf6 56. Bd4+ 1-0

[Event "New Zealand Open Ch'p 2015"]
[Site "Devonport, Auckland"]
[Date "2015.01.04"]
[Round "4.33"]
[White "Williams, Doug"]
[Black "Yan, Caroline"]
[Result "0-1"]
[WhiteElo "1754"]
[BlackElo "1557"]
[PlyCount "82"]
[EventDate "2015.01.01"]
[EventType "swiss"]
[EventRounds "9"]
[SourceDate "2015.01.01"]

1. e4 e6 2. d4 d5 3. e5 c5 4. Qg4 cxd4 5. Nf3 Nc6 6. Bd3 Qc7 7. Qg3 Nb4 8. O-O
Nxc2 9. Bxc2 Qxc2 10. Nxd4 Qg6 11. Qc3 a6 12. Qc7 Be7 13. Nc6 Qe4 14. Nb8 Qc4
15. Nxa6 Rxa6 16. Qb8 Qc6 17. Be3 Qd7 18. Nc3 Nh6 19. Nb5 O-O 20. Na7 b6 21.
Nc6 Qxc6 22. Rfc1 Ra8 23. Qxb6 Qxb6 24. Bxb6 Rb8 25. Bc5 Bxc5 26. Rxc5 Rxb2 27.
a4 Rb8 28. Rc6 Ra8 29. a5 Ba6 30. f3 Rfc8 31. Rb6 d4 32. Kf2 d3 33. Ke3 Rd8 34.
Kd2 Rdc8 35. Rab1 g6 36. g4 Rc2+ 37. Kd1 Ra2 38. Rd6 Rxa5 39. Rc1 Ra2 40. h4
Rb8 41. g5 Nf5 0-1

[Event "New Zealand Open Ch'p 2015"]
[Site "Devonport, Auckland"]
[Date "2015.01.04"]
[Round "4.34"]
[White "Turner, Justin"]
[Black "Pakenham, John"]
[Result "1/2-1/2"]
[WhiteElo "1434"]
[BlackElo "1704"]
[PlyCount "48"]
[EventDate "2015.01.01"]
[EventType "swiss"]
[EventRounds "9"]
[SourceDate "2015.01.01"]

1. e4 e5 2. Nf3 Nc6 3. Bc4 Bc5 4. c3 d6 5. d4 exd4 6. cxd4 Bb4+ 7. Bd2 Bxd2+ 8.
Nbxd2 Nge7 9. Ng5 d5 10. exd5 Nxd5 11. Nxf7 Qe7+ 12. Qe2 Qxe2+ 13. Kxe2 Kxf7
14. Bxd5+ Be6 15. Bxe6+ Kxe6 16. Nf3 Rad8 17. Rac1 Rd7 18. Rhd1 h6 19. d5+ Rxd5
20. Rxd5 Kxd5 21. Rd1+ Ke6 22. Nd4+ Nxd4+ 23. Rxd4 c5 24. Re4+ Kd6 1/2-1/2

[Event "New Zealand Open Ch'p 2015"]
[Site "Devonport, Auckland"]
[Date "2015.01.04"]
[Round "4.35"]
[White "Wang, Aaron Ziwen"]
[Black "Bennett, Hilton P"]
[Result "0-1"]
[WhiteElo "1409"]
[BlackElo "2009"]
[PlyCount "102"]
[EventDate "2015.01.01"]
[EventType "swiss"]
[EventRounds "9"]
[SourceDate "2015.01.01"]

1. c4 Nf6 2. Nc3 g6 3. g3 Bg7 4. Bg2 O-O 5. Nf3 d6 6. O-O e5 7. d3 h6 8. Rb1 a5
9. a3 c6 10. b4 axb4 11. axb4 Re8 12. Nd2 Be6 13. b5 Qd7 14. Nb3 Bh3 15. d4
Bxg2 16. Kxg2 e4 17. Qc2 Qe6 18. c5 d5 19. e3 Nbd7 20. b6 Nf8 21. Qe2 N8h7 22.
Nd2 Ng5 23. f4 exf3+ 24. Nxf3 Nge4 25. Nxe4 Nxe4 26. Bb2 Ra2 27. Qe1 Nxc5 28.
Qe2 Qxe3 29. Qxe3 Rxe3 30. Rf2 Ne4 31. Rc2 Rb3 32. h3 Rxb6 33. g4 Nc3 34. Re1
Rbxb2 35. Rxb2 Rxb2+ 36. Kg1 Ne4 37. Ne5 Bxe5 38. dxe5 Kf8 39. Rf1 Ke7 40. Re1
Ke6 41. Rf1 c5 42. Rf3 c4 43. Rf1 c3 44. Rc1 c2 45. Kg2 d4 46. Kf3 Nd2+ 47. Ke2
Nb3 48. Rh1 c1=R+ 49. Kf3 Rxh1 50. Kg3 Kxe5 51. Kf3 Rxh3# 0-1

[Event "New Zealand Open Ch'p 2015"]
[Site "Devonport, Auckland"]
[Date "2015.01.04"]
[Round "4.36"]
[White "Fuatai, Fuatai"]
[Black "Nylund, Micah"]
[Result "1-0"]
[WhiteElo "2004"]
[BlackElo "1200"]
[PlyCount "43"]
[EventDate "2015.01.01"]
[EventType "swiss"]
[EventRounds "9"]
[SourceDate "2015.01.01"]

1. e4 c5 2. Nf3 d6 3. d4 cxd4 4. c3 dxc3 5. Nxc3 Nc6 6. Bc4 g6 7. e5 Bg7 8.
exd6 Qxd6 9. Qxd6 exd6 10. Nb5 Rb8 11. Nxd6+ Kd7 12. Nxf7 Kc7 13. Bf4+ Kd7 14.
Bxb8 Nxb8 15. Nxh8 Ke7 16. Nxg6+ hxg6 17. Bxg8 Bxb2 18. Rb1 Bc3+ 19. Kd1 Nc6
20. Rb3 Bg7 21. Re1+ Kf8 22. Bd5 1-0

[Event "New Zealand Open Ch'p 2015"]
[Site "Devonport, Auckland"]
[Date "2015.01.04"]
[Round "4.37"]
[White "Mallela, Raivath"]
[Black "Forster, William F"]
[Result "0-1"]
[WhiteElo "1190"]
[BlackElo "1999"]
[PlyCount "64"]
[EventDate "2015.01.01"]
[EventType "swiss"]
[EventRounds "9"]
[SourceDate "2015.01.01"]

1. d4 d6 2. c4 e5 3. e4 exd4 4. Qxd4 Nc6 5. Qd1 g6 6. Nc3 Bg7 7. Bd2 Nge7 8.
Nf3 O-O 9. Be2 Kh8 10. O-O f5 11. Bd3 Be6 12. b3 Qd7 13. Rc1 f4 14. Nd5 Bxd5
15. exd5 Ne5 16. Nxe5 dxe5 17. Be4 Nf5 18. Bf3 Rae8 19. Re1 Nh4 20. Bb4 Rf7 21.
Bg4 Nf5 22. Bxf5 Qxf5 23. Qc2 e4 24. Bc3 Rfe7 25. Bxg7+ Kxg7 26. Qc3+ Kg8 27.
Qd4 f3 28. gxf3 exf3 29. Rxe7 Qg5+ 30. Kf1 Qxc1+ 31. Qd1 Qxd1+ 32. Re1 Rxe1#
0-1

[Event "New Zealand Open Ch'p 2015"]
[Site "Devonport, Auckland"]
[Date "2015.01.04"]
[Round "4.38"]
[White "Gunawan, Boy Reinhard"]
[Black "Barry, Jacob"]
[Result "1-0"]
[WhiteElo "1980"]
[BlackElo "965"]
[PlyCount "79"]
[EventDate "2015.01.01"]
[EventType "swiss"]
[EventRounds "9"]
[SourceDate "2015.01.01"]

1. d4 d5 2. Nf3 Nc6 3. h3 Nf6 4. Bg5 e6 5. a3 Be7 6. e3 O-O 7. c4 b6 8. Nc3 Bb7
9. Bd3 Na5 10. cxd5 Nxd5 11. Bxe7 Qxe7 12. Rc1 Rad8 13. O-O Nf6 14. b4 Bxf3 15.
Qxf3 Nb3 16. Rcd1 c5 17. Na2 cxd4 18. Bc4 dxe3 19. Bxb3 Rxd1 20. Rxd1 exf2+ 21.
Qxf2 Ne4 22. Qe3 Qh4 23. Rd4 f5 24. Bxe6+ Kh8 25. Bxf5 Rxf5 26. Rxe4 Qf6 27.
Re8+ Qf8 28. Rxf8+ Rxf8 29. Qe7 Rg8 30. Nc3 h6 31. Qxa7 Kh7 32. Qxb6 Kh8 33.
Nd5 h5 34. Qg6 Rd8 35. Ne7 Rd1+ 36. Kh2 Rd5 37. Nxd5 Kg8 38. b5 h4 39. b6 Kh8
40. b7 1-0